Voces de la educación : la globalización y sus efectos en la educación /

Publicación semestral con sede en Jalapa, Veracruz, México, pero con una visión nacional; se plantea ser plural e independiente con la finalidad de ofrecer información sobre educación, especialmente a maestros y personas interesadas en la temática.

Сохранить в:
Библиографические подробности
Другие авторы: Gutiérrez Torres, Víctor Manuel (dirección) (dirección)
Формат:
Язык:испанский
Предметы:
Метки: Добавить метку
Нет меток, Требуется 1-ая метка записи!

MARC

LEADER 00000nam^a2200000^a^4500
001 000390869
005 20250526000000.0
009 20260310121159.736
037 |a Acervo ITESO - Biblioteca 
041 |a ESP 
082 |a 370. 5  |b VOC V. 2 
245 0 0 |a Voces de la educación :  |b la globalización y sus efectos en la educación /  |c Dir. de V.M. Gutiérrez Torres. 
264 |a Jalapa, México :  |b Voces de la Educación,  |c 2000 
300 |a 36 p. ;  |c 27.0 cm. 
520 |a Publicación semestral con sede en Jalapa, Veracruz, México, pero con una visión nacional; se plantea ser plural e independiente con la finalidad de ofrecer información sobre educación, especialmente a maestros y personas interesadas en la temática. 
649 |a XX 
650 |a Profesores -  |z México -  |x Condiciones Sociales y Culturales 
650 |a Globalización -  |x Tema Principal 
650 |a Modernidad y Posmodernidad 
650 |a Neoliberalismo 
650 |a Productividad 
650 |a Valores 
650 |a Axiología 
650 |a Etica 
650 |a Educación (Niveles, Modalidades y Campos) 
650 |a Educación -  |x Publicaciones Periódicas Mexicanas -  |x Tema Principal 
650 |a Publicaciones Periódicas Mexicanas 
700 |a Gutiérrez Torres, Víctor Manuel  |e (dirección) 
910 |a Fondo Carlos Núñez Hurtado 
920 |a Impresos - Libros 
930 |a Libros Antiguos y Raros 
905 |a 108 
901 |a 0500285867  |b IT2  |c LRA  |i D80936  |u 20250526 
902 |a https://opac.biblio.iteso.mx/vufind/Record/000390869